000 00704cam a2200253 a 4500
999 _c7159
_d7159
001 2878889
003 OSt
005 20210907145841.0
008 860717s1987 nyuac b 001 0 eng
010 _a 86018447
020 _a0060438622
040 _aDLC
_cDDC
_dDLC
050 0 0 _aQD501
_b.L17 1987
082 0 0 _a541.3LAI1987
100 1 _aLaidler, Keith James,
_d1916-
_914737
245 1 0 _aChemical kinetics /
_cLaider,Keith J.
250 _a3rd ed.
260 _aNew York :
_bHarper & Row,
_cc1987.
300 _axi,531p.
_bill.
_c25 cm.
504 _aIncludes; references and index.
650 0 _aChemistry
_9797
906 _a7
_bcbc
_corignew
_d1
_eocip
_f19
_gy-gencatlg
942 _2ddc
_cO_SHELF